LEVEL 1 Title-Author Code Cracker Quiz Stats

 Plays Quiz not verified by Sporcle

Challenge
Share
Tweet
Embed
Score 0/6 Timer 05:00
0 Plays Today
Hint Answer % Correct
Great ExpectationsCharles Dickens
92.6%
Dan BrownThe Da Vinci Code
91.1%
FrankensteinMary Shelley
88.9%
Ray BradburyFahrenheit 451
69.6%
Where the Sidewalk EndsShel Silverstein
63%
SECRET PHRASE: No longer defiled, just '_____! You win!'Smile
3%

You're not logged in!

Compare scores with friends on all Sporcle quizzes.
OR
Log In

You Might Also Like...

Show Comments

Extras

Top Quizzes Today


Score Distribution

Your Account Isn't Verified!

In order to create a playlist on Sporcle, you need to verify the email address you used during registration. Go to your Sporcle Settings to finish the process.

Report this User

Report this user for behavior that violates our Community Guidelines.

Details: